UBT Library

Winning results with Google AdWords / (Record no. 566)

000 -LEADER
fixed length control field 00572nam a22002177a 4500
005 - DATE AND TIME OF LATEST TRANSACTION
control field 20150327122754.0
008 - FIXED-LENGTH DATA ELEMENTS--GENERAL INFORMATION
fixed length control field 081030s2009 nyua b 001 0 eng
020 ## - INTERNATIONAL STANDARD BOOK NUMBER
International Standard Book Number 9780071496568
041 0# - LANGUAGE CODE
Language code of text/sound track or separate title eng
080 ## - UNIVERSAL DECIMAL CLASSIFICATION NUMBER
Universal Decimal Classification number 004.2
100 1# - Rafti
Rafti Goodman, Andrew
100 1# - Rafti
-- (Andrew E.)
245 10 - TITLE STATEMENT
Title Winning results with Google AdWords /
Statement of responsibility, etc Andrew Goodman.
250 ## -
-- 2nd ed.
260 ## -
-- New York :
-- McGraw-Hill,
-- 2009.
300 ## -
-- 376 f. :
-- me il.;
-- 23 cm.
505 0# -
-- Index: f. 367 - 376
650 #0 -
-- Kompjuter
650 #0 -
-- Internet
650 #0 -
-- Marketing
942 ## - ADDED ENTRY ELEMENTS (KOHA)
Source of classification or shelving scheme
Item type Books
Holdings
Withdrawn status Lost status Source of classification or shelving scheme Damaged status Not for loan Collection code Permanent location Current location Shelving location Date acquired Total Checkouts Full call number Date last seen Koha item type
          Koleksioni i përgjithshem UBT - Lipjan UBT - Lipjan Koleksioni i përgjithshem 03/27/2015   004.2 GOO 03/27/2015 Books
UBT Library © 2015-2024. All rights reserved University Education for Business and Technology